000 01004nam a22003257a 4500
003 CHAP
005 20220329140749.0
008 971013s1984 r 00010 d
010 _a57248
011 _a58220
035 _a62375
040 _cCHAP
082 _a634.982
_bS8
100 0 0 _aStaaf, K. A. G.
_9109360
245 _aTree harvesting techniques
260 _aDordrecht, The Netherlands :
_bMartinus Nijhoff,
_c1984
300 _a371 h.
_b: ilus. ; gráfs.
490 _aForestry sciences
590 _aBATCH-UPD
_b10
_c20130110
_lUCH01
_h0413
590 _aBATCH-UPD
_b10
_c20130410
_lUCH01
_h0047
590 _aBATCH-UPD
_b10
_c20130914
_lUCH01
_h0716
590 _aCONVERSION
_b10
_c20130109
_lUCH01
_h1331
650 1 4 _aÁrboles
_xCorte.
_96582
650 1 4 _aBosques
_xExtracción.
_914174
700 0 _aWiksten, N. A.
_9121887
830 0 _aForestry sciences
_942379
901 _aBK
942 _cLIBRO
949 _a634.982 S8
_bBC
_cLIBRO
_d33724000243549
_eLIBRO
_gI.136593
_h72086
_i62375
_si
999 _c57248
_d57248